Družstevníctvo

Guardado en:
Detalles Bibliográficos
Autor principal: Brezník, Jozef
Autor Corporativo: Vysoká škola ekonomická v Bratislave. Obchodná fakulta
Otros Autores: Mrázko, Imrich
Formato: Libro
Lenguaje:eslovaco
Publicado: Bratislava VŠE 1988
Edición:1. vyd.
Etiquetas: Agregar Etiqueta
Sin Etiquetas, Sea el primero en etiquetar este registro!

MARC

LEADER 00000nam a2200000 4500
001 c034149
005 20221219091521.6
041 0 |a slo 
044 |a SK 
245 1 0 |a Družstevníctvo  |c Jozef Brezník, Imrich Mrázko 
250 |a 1. vyd. 
264 1 |a Bratislava  |b VŠE  |c 1988 
300 |a 136 s. 
100 1 |a Brezník, Jozef 
700 1 |a Mrázko, Imrich 
710 2 |a Vysoká škola ekonomická v Bratislave. Obchodná fakulta